Minerals in Thin Section (Record no. 16533)
[ view plain ]
| 000 -LEADER | |
|---|---|
| fixed length control field | 00368nam a22001577a 4500 |
| 003 - CONTROL NUMBER IDENTIFIER | |
| control field | OSt |
| 005 - DATE AND TIME OF LATEST TRANSACTION | |
| control field | 20170105103443.0 |
| 008 - FIXED-LENGTH DATA ELEMENTS--GENERAL INFORMATION | |
| fixed length control field | 120507t xxu||||| |||| 00| 0 eng d |
| 020 ## - INTERNATIONAL STANDARD BOOK NUMBER | |
| International Standard Book Number | 9780131420151 |
| 040 ## - CATALOGING SOURCE | |
| Transcribing agency | ASAB |
| 100 ## - MAIN ENTRY--PERSONAL NAME | |
| Personal name | Dexter Perkins |
| 9 (RLIN) | 260 |
| 245 ## - TITLE STATEMENT | |
| Title | Minerals in Thin Section |
| 300 ## - PHYSICAL DESCRIPTION | |
| Extent | 163 |
| 650 ## - SUBJECT ADDED ENTRY--TOPICAL TERM | |
| Topical term or geographic name entry element | Minerals in Thin Section |
| 9 (RLIN) | 261 |
| 942 ## - ADDED ENTRY ELEMENTS (KOHA) | |
| Source of classification or shelving scheme | |
| Koha item type | Book |
| Withdrawn status | Lost status | Source of classification or shelving scheme | Damaged status | Not for loan | Permanent Location | Current Location | Date acquired | Total Checkouts | Full call number | Barcode | Date last seen | Price effective from | Koha item type |
|---|---|---|---|---|---|---|---|---|---|---|---|---|---|
| Atta-ur-Rahman School of Applied Biosciences (ASAB) | Atta-ur-Rahman School of Applied Biosciences (ASAB) | 05/07/2012 | 549.1 PER | ASAB64 | 06/20/2019 | 05/07/2012 | Book | ||||||
| Central Library (CL) | Central Library (CL) | 05/07/2012 | 549.1 PER | ASAB63 | 05/07/2012 | 05/07/2012 | Book | ||||||
| Central Library (CL) | Central Library (CL) | 09/26/2019 | 549 PER | SEECS009264 | 09/26/2019 | 09/26/2019 | Book | ||||||
| Central Library (CL) | Central Library (CL) | 09/26/2019 | 549 PER | SEECS009263 | 09/26/2019 | 09/26/2019 | Book |
